| 000 | 00503nmm a22001697a 4500 | ||
|---|---|---|---|
| 005 | 20170210152235.0 | ||
| 008 | 150728b xxu||||| |||| 00| 0 spa d | ||
| 041 | _aEspañol | ||
| 082 | _aMD 194 | ||
| 100 |
_aDelgado Solís, Stephanny _94593 |
||
| 245 | _aInforme de Práctica Supervisada realizado en Laboratorio Dental María Auxiliadora Aling Technology | ||
| 260 | _c2014 | ||
| 650 |
_aCOSTA RICA _939655 |
||
| 650 |
_aMECÁNICA DENTAL _939656 |
||
| 650 |
_aPRÓTESIS DENTALES _93821 |
||
| 942 | _cIP | ||
| 999 |
_c6885 _d6885 |
||